00720nam a2200193 a 450000100100000000500170001000800410002702000150006804000250008308200190010810000360012724501030016326000380026630000280030470000240033270000360035695201170039299900170050900004267320201002040322.0140204s1996 sp a 001 0 spa d a8440662416 aDO-SdBNPbspacBNPHU axxxxxxbxxxxxx1 aHumphrey Bogart, Stephen96996610aBogart :ben busca de mi padre /cStephen Humphrey Bogart, Gary Provost ; prólogo Lauren Bacall. aBarcelona, :bEdiciones B,c1996. a325 p. :bil. ;c23 cm.1 aProvost Gary9699671 aBacall, Lauren,epról.969968 001050718MOaGRbGRcHDd2014-02-04iLF1l0oxxxxxx xxxxxxp42673-10r2020-06-25w2020-06-25y1ZNo se presta c42162d42162